00261nam a2200097Ia 4500008004100000082001800041100002100059245004300080260003100123300000900154210430s9999 xx 000 0 und d a070.01 N334 S aAhsan Akhtar Naz aSahafati Ikhlaqiat /cAhsan Akhtar Naz aLAHOREbMUNEER AHMADc2005 a227P